000 01106naa a22002777a 4500
001 BR9507218
003 BR-BrBNA
005 20240918181418.0
007 ta
008 230509b bl.||||| |||| 00| 0 por d
040 _aBR-BrBNA
_bpor
_cBiblioteca Nacional de Agricultura
041 _a(Pt)
072 _aL72
_b7110
_b4030
090 _aL72 BR9507218
111 1 _a10. Congresso Brasileiro de Apicultura
_cCaldas Novas, GO (Brazil)
_d14-18 Aug 1994
245 1 _aMecanismos de defesa de operarias de Apis mellifera a varroatose e a taxa de reproducao do acaro Varroa jacobsoni
260 3 _aCaldas Novas, GO (Brasil):
_c1994.
500 _aSoares, A.E.E.; Jong, D. de(eds.) Anais do 10. Congresso Brasileiro de Apicultura Caldas Novas, GO (Brasil): 1994. p. 199-203 (BR9507218-AM)L72
650 _aAbelha
650 _aRaca
650 _aAcaro
650 _aInfestacao
773 0 _tAnais do 10. Congresso Brasileiro de Apicultura
_aSoares, A.E.E.; Jong, D. de(eds.)
_wL72 BR9507218
_gCaldas Novas, GO (Brasil), 1994. p. 199-203
909 _a202404
_bLucia
_c55
_dLucia Elande
942 _cAM
_2AGRIS
999 _c325143
_d325143